|
|
|
|
| LEADER |
01151nam a22002651 4500 |
| 001 |
c000345498 |
| 003 |
CARM |
| 005 |
00000000000000.0 |
| 008 |
851003s1881 enk 0 eng d |
| 019 |
1 |
|
|a 3963594
|5 LACONCORD2021
|
| 035 |
|
|
|a (OCoLC)216894506
|5 LACONCORD2021
|
| 100 |
1 |
|
|a Prescott, William H.
|q (William Hickling),
|d 1796-1859.
|
| 245 |
1 |
0 |
|a History of the reign of Ferdinand and Isabella, the Catholic /
|c by W.H. Prescott. New and revised edition, with the author's latest corrections and additions. Ed. by J.F.Kirk.
|
| 250 |
|
|
|a Library ed.
|
| 260 |
|
|
|a Lond. :
|b Routledge,
|c 1881.
|
| 300 |
|
|
|a 2 vols.
|
| 490 |
0 |
|
|a Collected Works, (Vols.5-6) / Prescott, William Hickling
|
| 600 |
0 |
0 |
|a Ferdinand
|b V,
|c King of Spain,
|d 1452-1516.
|
| 600 |
0 |
0 |
|a Isabella
|b I,
|c Queen of Spain,
|d 1451-1504.
|
| 650 |
|
0 |
|a Spain
|x History
|x 1479-1516.
|
| 700 |
1 |
|
|a Kirk, John Foster,
|d 1824-1904.
|
| 852 |
8 |
|
|b CARM
|h A1:AO04F0
|i B08212
|p 0401901
|f BK
|
| 082 |
0 |
4 |
|a 946.04
|
| 999 |
f |
f |
|i 6986cc63-40bf-5b0e-998d-ec7bc9fec1f8
|s 31077abe-9880-5433-a56b-3abac2b206b6
|
| 952 |
f |
f |
|p Can circulate
|a CAVAL
|b CAVAL
|c CAVAL
|d CARM 1 Store
|e B08212
|f A1:AO04F0
|h Other scheme
|i book
|m 0401901
|